|
|
|
|
| LEADER |
00000nam a2200000 a 4500 |
| 001 |
vtls001174606 |
| 003 |
SK-MaSNL |
| 005 |
20260301063415.0 |
| 008 |
250414s1947 US 0 slo |
| 015 |
|
|
|a SNBZSA1993
|
| 035 |
|
|
|a SNK000117600
|
| 040 |
|
|
|a SNK
|b slo
|c SNK
|e AACR2
|
| 041 |
0 |
|
|a slo
|
| 044 |
|
|
|a US
|
| 080 |
|
|
|a 061.25:323.113(=854)(73)(082)(091)"1907/1947"
|2 1981
|
| 080 |
|
|
|a 323.113
|2 1981
|
| 245 |
0 |
0 |
|a Slovenská liga v Amerike štyridsaťročná
|c zred. Mikuláš Šprinc ; Aut. Konštantín Čulen, Karol Sidor, Mikuláš Šprinc, Juraj Cíger Hronský, František Hrušovský, Martin Stromko ; Graf. upr. Jozef G. Cincík
|
| 250 |
|
|
|a 1. vyd.
|
| 260 |
|
|
|a [Wilkes-Barre]
|b Slovenská liga v Amerike
|c 1947
|e Scranton
|f Obrana Press
|
| 300 |
|
|
|a 160 s.
|b ilustr.
|c 19 cm
|
| 366 |
|
|
|e 2 UsS
|
| 500 |
|
|
|a Ilustr. na tit. l.
|
| 610 |
2 |
7 |
|a Slovenská liga v Amerike
|2 SNKKA
|9 29848
|
| 648 |
|
7 |
|a 1907-1947
|2 SNKPH
|9 352287
|
| 650 |
0 |
7 |
|a [LBI 1428]
|2 SNK
|9 379140
|
| 650 |
0 |
7 |
|a Slováci v zahraničí
|2 SNKPH
|9 14695
|
| 651 |
|
7 |
|a Spojené štáty americké
|x dejiny
|2 SNKPH
|9 56310
|
| 655 |
|
7 |
|a zborníky
|2 SNK
|9 70165
|
| 700 |
1 |
|
|a Šprinc, Mikuláš,
|d 1914-1986
|4 zre
|9 14890
|
| 700 |
1 |
|
|a Čulen, Konštantín,
|d 1904-1964
|4 aut
|9 88374
|
| 700 |
1 |
|
|a Sidor, Karol,
|d 1901-1953
|4 aut
|9 110468
|
| 700 |
1 |
|
|a Šprinc, Mikuláš,
|d 1914-1986
|4 aut
|9 14890
|
| 700 |
1 |
|
|a Cíger, Juraj,
|d 1922-1970
|4 aut
|9 170051
|
| 700 |
1 |
|
|a Hrušovský, František,
|d 1903-1956
|4 aut
|9 42039
|
| 700 |
1 |
|
|a Stromko, Martin
|4 aut
|9 379141
|
| 700 |
1 |
|
|a Cincík, Jozef G.,
|d 1909-1992
|4 bkd
|9 25331
|
| 852 |
|
|
|a Slovenská národná knižnica
|
| 954 |
|
|
|a Slovenská liga v Amerike
|a Slováci v zahraničí
|a USA
|
| 958 |
|
|
|a APA
|
| 958 |
|
|
|a UC
|
| 958 |
|
|
|a ZS
|
| 958 |
|
|
|a TL
|
| 958 |
|
|
|a ZB
|
| 999 |
|
|
|c 623889
|d 625819
|
| 952 |
|
|
|t P60, <03>, [BOOK], {603}
|a SNK
|b SNK
|y PREZ
|7 0
|p 17A0137645
|o snkSD 65308
|0 0
|1 0
|4 0
|d 1998-05-12
|l 0
|r 2005-01-01 00:00:00
|w 2026-02-23
|